Tam quốc diễn nghĩa liên hoàn hoạ : Truyện tranh Tập 49 : Cắt tóc lừa Tào Hưu
Tập "Cắt tóc lừa Tào Hưu" thuật lại việc Thái thú Phiên Dương là Chu Phường lừa tướng Ngụy là Tào Hưu vào sâu trong đất Đông Ngô, quân Ngụy bị trúng phục binh mà đại bại. Tào Hưu tuy thoát được về, nhưng buồn bã sinh bệnh mà chê...
সংরক্ষণ করুন:
| প্রধান লেখক: | |
|---|---|
| অন্যান্য লেখক: | , , , , , |
| বিন্যাস: | গ্রন্থ |
| ভাষা: | Vietnamese |
| প্রকাশিত: |
H.
Văn hóa
2016
|
| সংস্করন: | Tái bản lần thứ 1 |
| বিষয়গুলি: | |
| ট্যাগগুলো: |
ট্যাগ যুক্ত করুন
কোনো ট্যাগ নেই, প্রথমজন হিসাবে ট্যাগ করুন!
|
| Thư viện lưu trữ: | Thư viện Trường Đại học Nam Cần Thơ |
|---|
| LEADER | 01839nam a22002897a 4500 | ||
|---|---|---|---|
| 001 | NCT_4_021111 | ||
| 008 | 250524b xxu||||| |||| 00| 0 vie d | ||
| 999 | |c 9031 |d 9031 | ||
| 020 | |a 9786046975403 |c 11500 | ||
| 082 | 0 | 4 | |2 23rd ed. |a 895.1 |b Tr513/T.49 |
| 100 | 1 | |a La Quán Trung | |
| 245 | 1 | 0 | |a Tam quốc diễn nghĩa liên hoàn hoạ : |b Truyện tranh |n Tập 49 : |p Cắt tóc lừa Tào Hưu |c La Quán Trung (Nguyên tác) ; Phan Cần Mạnh, Hồ Nhạn (Lời) ; Dương Cẩm Văn, Nghiêm Thiệu Đường, Lý Thiết Sinh (Tranh) ; Trần Đình Chiến (Dịch) |
| 250 | |a Tái bản lần thứ 1 | ||
| 260 | |a H. |b Văn hóa |c 2016 | ||
| 300 | |a 115 tr. |b Minh họa |c 16 x 12cm | ||
| 500 | |a Đông A biên chỉnh theo bản Tam quốc diễn nghĩa do Phan Kế Bính dịch, Bùi Kỷ hiệu đính, Nxb. Phổ thông, 1959-1960 | ||
| 520 | 3 | |a Tập "Cắt tóc lừa Tào Hưu" thuật lại việc Thái thú Phiên Dương là Chu Phường lừa tướng Ngụy là Tào Hưu vào sâu trong đất Đông Ngô, quân Ngụy bị trúng phục binh mà đại bại. Tào Hưu tuy thoát được về, nhưng buồn bã sinh bệnh mà chết | |
| 653 | |a Tham khảo | ||
| 700 | 1 | |a Phan Cần Mạnh |e Lời | |
| 700 | 1 | |a Hồ Nhạn |e Lời | |
| 700 | 1 | |a Dương Cẩm Văn |e Tranh | |
| 700 | 1 | |a Nghiêm Thiệu Đường |e Tranh | |
| 700 | 1 | |a Lý Thiết Sinh |e Tranh | |
| 700 | 1 | |a Trần Đình Chiến |e Dịch | |
| 942 | |2 ddc |c BK | ||
| 952 | |0 0 |1 0 |2 ddc |4 0 |6 895_100000000000000_TR513_T_49 |7 0 |9 30839 |a 000001 |b 000001 |d 2025-05-24 |o 895.1 Tr513/T.49 |p TK.05544 |r 2025-05-24 |v 11500.00 |w 2025-05-24 |y BK | ||
| 980 | |a Thư viện Trường Đại học Nam Cần Thơ | ||


